Project Management Διαχείριση Έργου / Τεχνικές Σχεδιασμού και Ελέγχου (Record no. 2970)
[ view plain ]
| 000 -LEADER | |
|---|---|
| fixed length control field | 01266cam a22002054a 4500 |
| 005 - ΗΜΕΡΟΜΗΝΙΑ ΚΑΙ ΩΡΑ ΤΕΛΕΥΤΑΙΑΣ ΕΝΗΜΕΡΩΣΗΣ | |
| Πεδίο ελέγχου | 20250605164059.0 |
| 008 - FIXED-LENGTH DATA ELEMENTS--GENERAL INFORMATION | |
| Πεδίο ελέγχου σταθερού μήκους | 250528s ||||||||||||||||||||||||d |
| 035 ## - SYSTEM CONTROL NUMBER | |
| System control number | 17566 |
| 020 ## - ISBN | |
| ISBN | 9789602182895 |
| 040 ## - ΠΗΓΗ ΚΑΤΑΛΟΓΟΓΡΑΦΗΣΗΣ | |
| Φορέας πρωτότυπης καταλογογράφησης | MC Athens Campus Library |
| Γλώσσα καταλογογράφησης | Ελληνικά, Μοντέρνα (1453-) |
| Modifying agency | MC Athens Campus Library |
| Κανόνες περιγραφικής καταλογογράφησης | AACR2 |
| 245 1# - ΤΙΤΛΟΣ ΚΑΙ ΔΗΛΩΣΗ ΥΠΕΥΘΥΝΟΤΗΤΑΣ | |
| Τίτλος | Project Management Διαχείριση Έργου / Τεχνικές Σχεδιασμού και Ελέγχου |
| 250 ## - EDITION STATEMENT | |
| Edition statement | 1η |
| 260 ## - PUBLICATION, DISTRIBUTION, ETC. | |
| Name of publisher, distributor, etc. | Κριτική, |
| Date of publication, distribution, etc. | 2002 |
| 300 ## - PHYSICAL DESCRIPTION | |
| Extent | 528 |
| 520 ## - SUMMARY, ETC. | |
| Summary, etc. | Το παρόν βιβλίο απευθύνεται σε όσους διαχειρίζονται έργα στην πράξη. Εισαγωγή στη Διαχείριση Έργου, Κύκλος Ζωής Έργου, Μελέτη Σκοπιμότητας, Διαδικασίες Εκτίμησης Έργου, Διαχείριση του Αντικειμένου Εργασιών, Μέθοδος Κρίσιμης Διαδρομής, Χρονοδιαγράμματα Προμηθειών, Λογιστική Έργου, Πιστοποιημένη Αξία, Επικονωνία Έργου, Ομάδες Έργου, Αρχηγεσία Έργου, Διοίκηση Έργου με Υποστήριξη Η/Υ. |
| 700 1# - ΠΡΟΣΘΕΤΗ ΑΝΑΓΡΑΦΗ--ΦΥΣΙΚΟ ΠΡΟΣΩΠΟ | |
| Personal name | Burke Rory |
| 9 (RLIN) | 3723 |
| 942 ## - ADDED ENTRY ELEMENTS (KOHA) | |
| Koha item type | Books |
| Τύπος τεκμηρίου | Βιβλιοθήκη | Τρέχουσα τοποθεσία | Barcode | Αριθμός εισαγωγής | Ημερομηνία απόκτησης | Ταξιθετικό σύμβολο | Αριθμός αντιτύπου | Κατάσταση απόσυρσης | Κατάσταση χαμένου | Κατάσταση κατεστραμμένου | Μη δανεισμός | Σύνολο δανεισμών | Ημερομηνία τελευταίας εμφάνισης | Η τιμή ισχύει από |
|---|---|---|---|---|---|---|---|---|---|---|---|---|---|---|
| Books | MC Athens Campus Library | MC Athens Campus Library | 9780000029690 | 5778 | 05/06/2025 | 658.4/04 BUR | 1 | 05/06/2025 | 05/06/2025 |